U.S. States who've had a Female Governor - Statistics

General Stats
  • This quiz has been taken 53 times
    31 since last reset
  • The average score is 30 of 32
Answer Stats
First Answer % Correct
Sarah Palin Alaska
100%
Janet Mills Maine
100%
Susana Martinez New Mexico
100%
Kathy Hochul New York
100%
Nikki Haley South Carolina
100%
Kristi Noem South Dakota
100%
Lurleen Wallace Alabama
96%
Rose Mofford Arizona
96%
Sarah Huckabee Sanders Arkansas
96%
Ella Grasso Connecticut
96%
Ruth Ann Minner Delaware
96%
Linda Lingle Hawaii
96%
Kim Reynolds Iowa
96%
Joan Finney Kansas
96%
Kathleen Blanco Louisiana
96%
Jane Swift Massachusetts
96%
Jennifer Granholm Michigan
96%
Bev Perdue North Carolina
96%
Barbara Roberts Oregon
96%
Jeanne Shaheen New Hampshire
93%
Gina Raimondo Rhode Island
93%
Miriam Ferguson Texas
93%
Olene Walker Utah
93%
Madeleine Kunin Vermont
93%
Dixie Lee Ray Washington
93%
Nellie Tayloe Ross Wyoming
93%
Martha Layne Collins Kentucky
89%
Judy Martz Montana
89%
Christine Todd Whitman New Jersey
89%
Nancy Hollister Ohio
89%
Mary Fallin Oklahoma
89%
Kay A. Orr Nebraska
85%
No matching quizzes found
Score Distribution
Percent of People with Each Score
Percentile by Number Answered
Your Score History
You have not taken this quiz since the last reset